|
|
|
|
| LEADER |
00000ny a22000003n 4500 |
| 005 |
20110606140720.0 |
| 008 |
970408s1987 sp s 000 0 spa c |
| 017 |
|
|
|a D.L. M16906-1987
|
| 020 |
|
|
|a 8471304694
|
| 035 |
|
|
|a 463
|
| 040 |
|
|
|a UMA.CEE
|d vLex
|
| 040 |
|
|
|a UMA.RE
|d vLex
|
| 080 |
|
|
|a 347(460)
|
| 090 |
|
|
|c 497
|d 497
|
| 245 |
0 |
0 |
|a Comentarios al Cd̤igo Civil y compilaciones forales
|h [Recurso electrn̤ico]
|c Dirigidos por Manuel Albaladejo
|
| 256 |
|
|
|a Servicio en ln̕ea
|
| 260 |
|
|
|a Madrid :
|b Revista de Derecho Privado :
|b Editoriales de Derecho Reunidas,
|c D.L. 1987
|
| 300 |
|
|
|a XIV, 304 p. ;
|c 21 cm
|
| 505 |
0 |
|
|t Tomo IX, Vol.1-B, Artc̕ulos 694 a 705 del Cd̤igo civil /
|r comentados por Jos ̌Manuel Gonzl̀ez Porras
|
| 506 |
1 |
|
|a Contenido solo disponible en los productos indicados
|d vLex Global
|d vLex Global (Academic Edition, excluding Law Schools)
|d vLex Global (U.S. Academic Edition, Law Schools)
|d vLex Global (U.S. Academic Edition, excluding Law Schools)
|d vLex Global (Academic Edition, Law Schools)
|
| 650 |
0 |
7 |
|a Civil
|2 Tesauro vLex
|
| 650 |
0 |
7 |
|a Cd̤igo civil
|2 Tesauro vLex
|
| 650 |
0 |
7 |
|a Sucesorio
|2 Tesauro vLex
|
| 650 |
0 |
7 |
|a Testamento
|2 Tesauro vLex
|
| 650 |
0 |
7 |
|a Testamento abierto
|2 Tesauro vLex
|
| 650 |
0 |
7 |
|a Testamento
|2 Tesauro vLex
|
| 650 |
0 |
7 |
|a Derecho sucesorio
|2 Tesauro vLex
|
| 700 |
1 |
|
|a Albaladejo Garca̕, Manuel,
|e dir
|
| 700 |
1 |
|
|a Gonzl̀ez Porras, Jos ̌Manuel
|
| 740 |
0 |
|
|a vLex Libros (Servicios en ln̕ea)
|
| 856 |
4 |
0 |
|u http://vlex.com/source/463
|z Acceso restringido
|
| 942 |
|
|
|c BOOK
|